[Event "DVM U20 2013"]
[Site "Osnabrück GER"]
[Date "2013.12.27"]
[Round "2"]
[White "Meichsner, Marwin"]
[Black "Merker, Konstantin"]
[Result "0-1"]
[Termination "normal"]
[Board "4.6"]
[WhiteElo "1515"]
[BlackElo "1727"]
[WhiteTeam "Erfurter Schachklub"]
[BlackTeam "TuS Coswig 1920"]
[WhiteFideId "12927830"]
[BlackFideId "12964239"]
[EventCountry "GER"]
[EventRounds "7"]
[EventType "team-swiss"]
[EventDate "2013.12.26"]

1. d4 Nf6 2. c4 g6 3. Nc3 Bg7 4. e4 d6 5. Nf3 O-O 6. Be2 c5 7. d5 e6 8. O-O
exd5 9. exd5 Re8 10. Re1 a6 11. a4 Nbd7 12. Bd3 Ng4 13. Bf4 Nge5 14. Nxe5 Nxe5
15. Qd2 Bd7 16. b3 Qc7 17. Re2 Nxd3 18. Rxe8+ Rxe8 19. Qxd3 Qa5 20. Bd2 Bf5 21.
Qf3 Qb6 22. Qd1 Qd8 23. Rc1 Qh4 24. Be3 Be5 25. g3 Qf6 26. Ne2 Bb2 27. Nf4 Bxc1
28. Qxc1 Qe5 29. h4 Qe4 30. Ne2 Qb1 31. Qxb1 Bxb1 32. Kf1 Bc2 33. Nc1 f5 34.
Bf4 Rd8 35. f3 b5 36. axb5 axb5 37. Ke2 bxc4 38. bxc4 Kf7 39. Kd2 Ba4 40. Ne2
Rd7 41. Nc3 Bb3 42. Kd3 Ke7 43. Bg5+ Kf7 44. Nb5 Ba4 45. Nc3 Ra7 46. Bf4 Ke7
47. Bg5+ Kd7 48. Nb1 Bd1 49. Nd2 0-1

[Event "DVM U20 2013"]
[Site "Osnabrück GER"]
[Date "2013.12.27"]
[Round "2"]
[White "Günnigmann, Manuel"]
[Black "Schröder, Kevin"]
[Result "0-1"]
[Termination "normal"]
[Board "5.1"]
[WhiteElo "2166"]
[BlackElo "2129"]
[WhiteTeam "Stader SV"]
[BlackTeam "LSV Turm Lippstadt"]
[WhiteFideId "24640360"]
[BlackFideId "12929840"]
[EventCountry "GER"]
[EventRounds "7"]
[EventType "team-swiss"]
[EventDate "2013.12.26"]

1. e4 e5 2. Nf3 Nf6 3. Nxe5 Nxe4 4. Qe2 Qe7 5. Qxe4 d6 6. d4 dxe5 7. dxe5 Nc6
8. Bb5 Bd7 9. O-O O-O-O 10. Nc3 a6 11. Ba4 Qb4 12. Bb3 Qxe4 13. Nxe4 Nxe5 14.
Bf4 Ng6 15. Be3 f6 16. Nc5 Bxc5 17. Bxc5 Bc6 18. f3 Bd5 19. c4 Bf7 20. Rac1 Nf4
21. Rcd1 Nd3 22. Ba3 Rhe8 23. Rd2 Ne5 24. Rxd8+ Rxd8 25. Rc1 a5 26. f4 Nd3 27.
Rf1 Rd4 28. Rd1 Nxf4 29. Rxd4 Ne2+ 30. Kf2 Nxd4 31. Ke3 Ne6 32. c5 Nd8 33. Bc2
Nc6 34. b3 Bg6 35. Bxg6 hxg6 36. Bb2 Kd7 37. g4 g5 38. Ke4 Ke6 39. a3 g6 40.
Bc3 f5+ 41. Ke3 Kd5 42. gxf5 gxf5 43. Bf6 f4+ 44. Kf3 Ne5+ 45. Kg2 g4 46. Bd8
a4 47. bxa4 c6 48. Bc7 Ke4 49. Bd6 Nd3 50. a5 Ke3 51. Kf1 Kf3 52. Be7 g3 53.
hxg3 fxg3 54. Bg5 Nxc5 55. Bd8 Ne4 56. Bb6 c5 57. Kg1 c4 0-1

[Event "DVM U20 2013"]
[Site "Osnabrück GER"]
[Date "2013.12.27"]
[Round "2"]
[White "Tran, Duc Cuong"]
[Black "Carmesin, Matthias"]
[Result "0-1"]
[Termination "normal"]
[Board "5.2"]
[WhiteElo "2086"]
[BlackElo "2044"]
[WhiteTeam "LSV Turm Lippstadt"]
[BlackTeam "Stader SV"]
[WhiteFideId "24689718"]
[BlackFideId "4635965"]
[EventCountry "GER"]
[EventRounds "7"]
[EventType "team-swiss"]
[EventDate "2013.12.26"]

1. d4 Nf6 2. Nf3 d6 3. Nc3 Bf5 4. Nh4 Bd7 5. e4 e5 6. Nf3 Nc6 7. h3 exd4 8.
Nxd4 Qe7 9. Bg5 h6 10. Bxf6 Qxf6 11. Nxc6 bxc6 12. Bc4 g6 13. O-O Bg7 14. Re1
Qe5 15. Qf3 O-O 16. Rab1 Rae8 17. Re2 Re7 18. Rbe1 Qc5 19. Bb3 Rb8 20. Qg3 Be6
21. Qe3 Qxe3 22. Rxe3 Ree8 23. Kf1 h5 24. Rd1 Kf8 25. Rde1 Rb4 26. Kg1 a5 27.
Kh2 Be5+ 28. g3 Bd4 29. Rf3 Kg7 30. Rd1 Be5 31. Re3 Bd4 32. Rf3 Bf6 33. Re3 c5
34. Nd5 Bxd5 35. Bxd5 Rxb2 36. Rd2 Reb8 37. Ra3 R8b6 38. Rb3 a4 39. Rxb6 cxb6
40. Kg2 Bc3 41. Re2 b5 42. Bc6 a3 43. Re3 b4 44. Bd5 Rxc2 45. g4 Bd4 46. Rf3 f6
47. gxh5 c4 0-1

[Event "DVM U20 2013"]
[Site "Osnabrück GER"]
[Date "2013.12.27"]
[Round "2"]
[White "Vogt, Marc Jonas"]
[Black "Kuckling, Jonas"]
[Result "1-0"]
[Termination "normal"]
[Board "5.3"]
[WhiteElo "1953"]
[BlackElo "1625"]
[WhiteTeam "Stader SV"]
[BlackTeam "LSV Turm Lippstadt"]
[WhiteFideId "24695661"]
[BlackFideId "24603856"]
[EventCountry "GER"]
[EventRounds "7"]
[EventType "team-swiss"]
[EventDate "2013.12.26"]

1. e4 c5 2. Nf3 e6 3. d4 cxd4 4. Nxd4 a6 5. Nc3 Qc7 6. Bd3 Nf6 7. Qe2 d6 8. Bd2
Be7 9. O-O O-O 10. Rae1 Nbd7 11. Kh1 Nc5 12. f4 e5 13. Nf5 Re8 14. fxe5 dxe5
15. Bc4 b5 16. Nd5 Nxd5 17. Bxd5 Bxf5 18. Rxf5 Bf8 19. Rxf7 Qxf7 20. Bxf7+ Kxf7
21. Bb4 Nd7 22. Qd3 Nf6 23. Qb3+ Re6 24. Bxf8 Rxf8 25. Rd1 Rfe8 26. Rd6 Nxe4
27. Rxa6 Nf6 28. Rb6 e4 29. Rxe6 Rxe6 30. Qe3 Nd5 31. Qa7+ Kg6 32. Qd7 Re5 33.
Qxb5 e3 34. Qe2 h5 35. g3 Rf5 36. c4 Rf2 37. Qd3+ Kh6 38. cxd5 1-0

[Event "DVM U20 2013"]
[Site "Osnabrück GER"]
[Date "2013.12.27"]
[Round "2"]
[White "Kuckling, Linus"]
[Black "Konow, Philipp"]
[Result "1-0"]
[Termination "normal"]
[Board "5.4"]
[WhiteElo "1672"]
[BlackElo "1977"]
[WhiteTeam "LSV Turm Lippstadt"]
[BlackTeam "Stader SV"]
[WhiteFideId "24658243"]
[BlackFideId "4635230"]
[EventCountry "GER"]
[EventRounds "7"]
[EventType "team-swiss"]
[EventDate "2013.12.26"]

1. e4 c5 2. Nf3 Nc6 3. b4 cxb4 4. d4 d5 5. exd5 Qxd5 6. c4 bxc3 7. Nxc3 Qd8 8.
d5 Na5 9. Qa4+ Bd7 10. Bb5 Nf6 11. Ne5 b6 12. Bc6 g6 13. Nxd7 Nxd7 14. Bxa8 Bg7
15. Bb2 O-O 16. Bc6 Nc5 17. Qc2 Nxc6 18. dxc6 Qd3 19. Qd2 Rd8 20. Rd1 Bxc3 21.
Bxc3 Qe4+ 22. Qe3 Rxd1+ 23. Kxd1 Qb1+ 24. Qc1 Qe4 25. Qd2 Qa4+ 26. Kc1 Ne6 27.
c7 Qe8 28. Rd1 1-0

[Event "DVM U20 2013"]
[Site "Osnabrück GER"]
[Date "2013.12.27"]
[Round "2"]
[White "Bauschmann, Christoph"]
[Black "Scheer, Maximilian"]
[Result "1-0"]
[Termination "normal"]
[Board "5.5"]
[WhiteElo "1896"]
[BlackElo "1752"]
[WhiteTeam "Stader SV"]
[BlackTeam "LSV Turm Lippstadt"]
[WhiteFideId "24603414"]
[BlackFideId "12927732"]
[EventCountry "GER"]
[EventRounds "7"]
[EventType "team-swiss"]
[EventDate "2013.12.26"]

1. e4 c5 2. Nf3 d6 3. d4 cxd4 4. Nxd4 Nf6 5. Nc3 Nc6 6. Bg5 a6 7. f4 Qb6 8. Nb3
Bd7 9. Bd3 e6 10. Qd2 h6 11. Bxf6 gxf6 12. O-O-O Rc8 13. Rhe1 Qc7 14. f5 h5 15.
Qf2 Be7 16. Re3 Ne5 17. Rh3 b5 18. Qe2 Ng4 19. Rh4 Qb6 20. Re1 Nf2 21. Rf1
Nxd3+ 22. Qxd3 b4 23. Ne2 Bb5 24. Qd2 a5 25. Nbd4 Bxe2 26. Nxe2 a4 27. Rf3 b3
28. axb3 axb3 29. Rc3 Kd7 30. Rhh3 bxc2 31. Qxc2 Rhg8 32. Qa4+ Rc6 33. Nd4 Rgc8
34. Rxc6 Rxc6+ 35. Rc3 Kd8 36. Nxc6+ Ke8 37. Qa8+ Kd7 38. Qa7+ Qxa7 39. Nxa7
exf5 40. exf5 d5 41. Nb5 1-0

[Event "DVM U20 2013"]
[Site "Osnabrück GER"]
[Date "2013.12.27"]
[Round "2"]
[White "Valledor Pereira, Dominik Damian"]
[Black "Meyer, Christoph"]
[Result "0-1"]
[Termination "normal"]
[Board "5.6"]
[WhiteElo "1571"]
[BlackElo "1765"]
[WhiteTeam "LSV Turm Lippstadt"]
[BlackTeam "Stader SV"]
[WhiteFideId "1271860"]
[BlackFideId "1270490"]
[EventCountry "GER"]
[EventRounds "7"]
[EventType "team-swiss"]
[EventDate "2013.12.26"]

1. e4 c5 2. Nf3 e6 3. d4 cxd4 4. Nxd4 Nc6 5. Nc3 Nf6 6. Be2 Bb4 7. Bg5 Qa5 8.
Nxc6 Bxc3+ 9. bxc3 Qxc3+ 10. Bd2 Qxc6 11. e5 Nd5 12. c4 Nb6 13. O-O d5 14. exd6
Qxd6 15. Qc2 Nd7 16. Rfd1 Qe7 17. Rab1 O-O 18. Bb4 Nc5 19. Rb3 b6 20. Rh3 g6
21. Rdd3 e5 22. Rhe3 Bf5 23. Qc3 Bxd3 24. Bxd3 Rfe8 25. Be4 Nxe4 26. Rxe4 Qe6
27. f4 Qc6 28. Re3 exf4 29. Rh3 Qe4 30. Qf6 Qb1+ 0-1

[Event "DVM U20 2013"]
[Site "Osnabrück GER"]
[Date "2013.12.27"]
[Round "2"]
[White "Mao, Kevin"]
[Black "Böhm, Malte"]
[Result "1/2-1/2"]
[Termination "normal"]
[Board "6.1"]
[WhiteElo "1951"]
[BlackElo "2038"]
[WhiteTeam "SK Gernsheim"]
[BlackTeam "SF Dortmund-Brackel 1930"]
[WhiteFideId "1271183"]
[BlackFideId "1270629"]
[EventCountry "GER"]
[EventRounds "7"]
[EventType "team-swiss"]
[EventDate "2013.12.26"]

1. e4 c5 2. Nc3 d6 3. f4 g6 4. Nf3 Bg7 5. Bc4 e6 6. O-O Ne7 7. d3 O-O 8. Qe1
Nbc6 9. f5 d5 10. Bb3 c4 11. dxc4 dxe4 12. f6 Bxf6 13. Nxe4 Bg7 14. Bg5 f6 15.
Bh4 Nf5 16. Rd1 Qa5 17. Bf2 Qxe1 18. Rfxe1 e5 19. c5+ Kh8 20. c3 Na5 21. Ba4
Be6 22. Bd7 Bxd7 23. Rxd7 Rad8 24. Red1 Nc6 25. Kf1 Nh6 26. Ke1 Rxd7 27. Rxd7
Rf7 28. Rd6 Nf5 29. Rd3 Bf8 30. b4 a6 31. Nfd2 Ng7 32. Nc4 Ne6 33. g3 f5 34.
Ned6 Bxd6 35. Rxd6 Ng5 36. Nd2 Re7 37. g4 Nf7 38. Rd5 fxg4 39. Ne4 h6 40. a4
Kg7 41. b5 axb5 42. axb5 Ncd8 43. c4 g5 44. Nd6 Kf6 45. Ne4+ Kf5 46. Ng3+ Ke6
47. Ne4 1/2-1/2

[Event "DVM U20 2013"]
[Site "Osnabrück GER"]
[Date "2013.12.27"]
[Round "2"]
[White "Reisberg, Andre"]
[Black "Di Capua, Francesco Stefano"]
[Result "1-0"]
[Termination "normal"]
[Board "6.2"]
[WhiteElo "1994"]
[BlackElo "1818"]
[WhiteTeam "SF Dortmund-Brackel 1930"]
[BlackTeam "SK Gernsheim"]
[WhiteFideId "1270630"]
[BlackFideId "24698903"]
[EventCountry "GER"]
[EventRounds "7"]
[EventType "team-swiss"]
[EventDate "2013.12.26"]

1. d4 d5 2. c4 dxc4 3. Nf3 Nf6 4. e3 e6 5. Bxc4 a6 6. a4 c5 7. O-O Nc6 8. Nc3
Be7 9. Ba2 O-O 10. Bb1 Qc7 11. Qc2 cxd4 12. exd4 Nb4 13. Qe2 b6 14. Bg5 Bb7 15.
Rc1 Qd8 16. Ne5 g6 17. Bh6 Qxd4 18. Bxf8 Bxf8 19. Rd1 Qf4 20. g3 Qh6 21. Ne4
Nxe4 22. Bxe4 Nd5 23. Nd7 Qg5 24. Nxb6 Nf4 25. Qf3 Bxe4 26. Qxe4 Rb8 27. a5 e5
28. Kh1 Nh3 29. Kg2 Qh5 30. Nd7 Ng5 31. Qe3 Qh3+ 32. Kg1 Rxb2 33. Qxg5 Rxf2 34.
Kxf2 Qxh2+ 35. Kf3 e4+ 36. Kxe4 Qe2+ 37. Qe3 Qg4+ 38. Kd3 Qxd7+ 39. Ke2 Qb5+
40. Qd3 Qb2+ 41. Kf1 Bc5 42. Qe2 Qf6+ 43. Kg2 Bd4 44. Rac1 1-0

[Event "DVM U20 2013"]
[Site "Osnabrück GER"]
[Date "2013.12.27"]
[Round "2"]
[White "Müller, Markus"]
[Black "Schwiddessen, Jan"]
[Result "1-0"]
[Termination "normal"]
[Board "6.3"]
[WhiteElo "1807"]
[BlackElo "1877"]
[WhiteTeam "SK Gernsheim"]
[BlackTeam "SF Dortmund-Brackel 1930"]
[WhiteFideId "24660590"]
[BlackFideId "1270631"]
[EventCountry "GER"]
[EventRounds "7"]
[EventType "team-swiss"]
[EventDate "2013.12.26"]

1. d4 Nf6 2. Bg5 Ne4 3. Bf4 c5 4. f3 Qa5+ 5. c3 Nf6 6. Qd2 e6 7. e4 cxd4 8.
cxd4 Bb4 9. Nc3 d5 10. e5 Nfd7 11. Bd3 Nc6 12. Nge2 b6 13. O-O Ba6 14. a3 Bxd3
15. axb4 Qxb4 16. Qxd3 O-O 17. Bg5 Rfc8 18. f4 Na5 19. f5 1-0

[Event "DVM U20 2013"]
[Site "Osnabrück GER"]
[Date "2013.12.27"]
[Round "2"]
[White "Tekin, Baran"]
[Black "Fornoff, Robin"]
[Result "1-0"]
[Termination "normal"]
[Board "6.4"]
[WhiteElo "1779"]
[BlackElo "1912"]
[WhiteTeam "SF Dortmund-Brackel 1930"]
[BlackTeam "SK Gernsheim"]
[WhiteFideId "12945633"]
[BlackFideId "24698890"]
[EventCountry "GER"]
[EventRounds "7"]
[EventType "team-swiss"]
[EventDate "2013.12.26"]

1. d4 d5 2. c4 dxc4 3. Nc3 e5 4. Nf3 exd4 5. Nxd4 a6 6. a4 c5 7. Nf3 Qxd1+ 8.
Kxd1 g6 9. Nd5 Ra7 10. e4 Nd7 11. Bxc4 Bg7 12. Ng5 Ne5 13. Ba2 h6 14. Nf3 Bg4
15. Ke2 Nf6 16. Be3 Nxe4 17. h3 Bd7 18. Nb6 Bc6 19. Nxe5 Bxe5 20. Nc4 Bg7 21.
a5 O-O 22. Rhd1 Bb5 23. f3 Bxb2 24. fxe4 Bxa1 25. Rxa1 Raa8 26. Bxh6 Rfd8 27.
Ke3 Rd4 28. Ne5 Be8 29. Rb1 Bb5 30. Bxf7+ Kh7 31. Bg5 1-0

[Event "DVM U20 2013"]
[Site "Osnabrück GER"]
[Date "2013.12.27"]
[Round "2"]
[White "Rothermel, Tim"]
[Black "Raschkowski, Alexander"]
[Result "1-0"]
[Termination "normal"]
[Board "6.5"]
[WhiteElo "1759"]
[BlackElo "1748"]
[WhiteTeam "SK Gernsheim"]
[BlackTeam "SF Dortmund-Brackel 1930"]
[WhiteFideId "24660647"]
[BlackFideId "12964263"]
[EventCountry "GER"]
[EventRounds "7"]
[EventType "team-swiss"]
[EventDate "2013.12.26"]

1. Nf3 d5 2. d4 Nf6 3. c4 e6 4. Nc3 Nbd7 5. g3 c6 6. Bg2 Bd6 7. O-O O-O 8. Qc2
e5 9. dxe5 Nxe5 10. cxd5 cxd5 11. Bg5 Be6 12. Rad1 Rc8 13. Qb1 Rc5 14. e4 Nxf3+
15. Bxf3 d4 16. Nd5 Bxd5 17. exd5 h6 18. Bc1 Qb6 19. Qf5 Ra5 20. Bxh6 Bc5 21.
Bg5 Rxa2 22. Rc1 Be7 23. Rfe1 Qxb2 24. Re2 Qa3 25. Rxa2 Qxa2 26. Bxf6 Bxf6 27.
Be4 g6 28. Qxf6 Qd2 29. Qf4 Qxf4 30. gxf4 Re8 31. Bf3 a5 32. Rd1 a4 33. Rxd4 b5
34. d6 a3 35. d7 Rd8 36. Bc6 a2 37. Rd1 b4 38. Ba4 Kg7 39. Ra1 Rxd7 40. Rxa2
Rd4 41. f5 gxf5 42. Kg2 Rg4+ 43. Kf3 Rh4 44. Rb2 f6 45. Rb1 Kh6 46. Bc2 Kg5 47.
Rg1+ Rg4 48. Rg3 Kh5 49. Bxf5 Rc4 50. Ke3 b3 51. f4 Kh6 52. Rg6+ Kh7 53. Rxf6+
Kg7 54. Rg6+ Kf8 55. Rb6 Ke7 56. Rb8 Rc3+ 57. Kd4 Rf3 58. Ke5 Rc3 59. Rb7+ Ke8
60. Kf6 Kd8 61. Rb8+ 1-0

[Event "DVM U20 2013"]
[Site "Osnabrück GER"]
[Date "2013.12.27"]
[Round "2"]
[White "Stemmler, Fabian"]
[Black "Schilz, Daniel"]
[Result "1/2-1/2"]
[Termination "normal"]
[Board "6.6"]
[WhiteElo "1556"]
[BlackElo "1481"]
[WhiteTeam "SF Dortmund-Brackel 1930"]
[BlackTeam "SK Gernsheim"]
[WhiteFideId "12964808"]
[BlackFideId "12945021"]
[EventCountry "GER"]
[EventRounds "7"]
[EventType "team-swiss"]
[EventDate "2013.12.26"]

1. e4 g6 2. d4 d6 3. Nc3 Bg7 4. Be3 Nf6 5. f3 Nbd7 6. Qd2 O-O 7. h4 c5 8. d5
Ne5 9. Bh6 a6 10. Bxg7 Kxg7 11. f4 Neg4 12. Be2 b5 13. Bxg4 Bxg4 14. e5 Nh5 15.
Nce2 Qc7 16. Qc3 Kg8 17. a3 Rfd8 18. O-O-O a5 19. Nf3 b4 20. exd6 Qxd6 21. Qe5
Qxe5 22. fxe5 bxa3 23. bxa3 Rab8 24. d6 exd6 25. Rxd6 Re8 26. Rd5 Rbc8 27. Rhd1
Ng7 28. Nf4 Nf5 29. Re1 Bxf3 30. gxf3 Nxh4 31. e6 fxe6 32. Rxe6 Rxe6 33. Nxe6
Nxf3 34. Nxc5 h5 35. Ne4 Rc4 36. Nf6+ Kf7 37. Nxh5 gxh5 38. Rxh5 a4 39. Rf5+
Ke6 40. Rxf3 Kd5 41. Kb2 Re4 42. Rf5+ Kc4 43. Ra5 Re6 44. Rxa4+ Kb5 45. Rb4+
Kc6 46. a4 Re5 47. Kc3 Rg5 48. Rb5 Rg4 49. Kb3 Rg1 50. Kb4 Rb1+ 51. Ka5 Rc1 52.
Rb2 Rg1 53. Ka6 Rg3 54. Rb6+ Kc7 55. a5 Rg5 56. Rb5 Rg6+ 57. Ka7 Rc6 58. Rb2
Rc3 59. a6 Kc8 60. Ra2 -- 61. Ka8 Kc7 62. a7 Kc8 63. Rb2 Kc7 64. Rb7+ Kc8 65.
Rg7 Rxc2 66. Rg6 Rc3 1/2-1/2

[Event "DVM U20 2013"]
[Site "Osnabrück GER"]
[Date "2013.12.27"]
[Round "2"]
[White "Rau, Nikita"]
[Black "Peng, Xiang-Tobias"]
[Result "1/2-1/2"]
[Termination "normal"]
[Board "7.1"]
[WhiteElo "1941"]
[BlackElo "1936"]
[WhiteTeam "Hagener SV"]
[BlackTeam "Heilbronner SV"]
[WhiteFideId "12902543"]
[BlackFideId "12964328"]
[EventCountry "GER"]
[EventRounds "7"]
[EventType "team-swiss"]
[EventDate "2013.12.26"]

1. Nf3 d5 2. g3 Nf6 3. Bg2 Bf5 4. c4 c6 5. cxd5 Nxd5 6. d3 Bg6 7. Nc3 e6 8. O-O
Bc5 9. Ne5 Bd4 10. Nxd5 Bxe5 11. Nf4 Bf5 12. e4 Bg6 13. h4 Bxf4 14. Bxf4 h5 15.
Qb3 Qb6 16. Qa3 Nd7 17. Be3 Qb5 18. Rfe1 a5 19. d4 Qb4 20. Qxb4 axb4 21. Bd2 c5
22. Rec1 b6 23. dxc5 bxc5 24. a4 bxa3 25. bxa3 Ra4 26. f3 Ke7 27. Be3 Rc8 28.
Bf1 c4 29. Bd4 f6 30. Bc3 Ne5 31. Bxe5 fxe5 32. Rc3 Be8 33. Kf2 Bb5 34. Ke3 Ba6
35. Rb1 Rc5 36. Rb4 Rca5 37. Rxa4 Rxa4 38. g4 g6 39. Be2 Kf6 40. gxh5 gxh5 41.
Kd2 Ke7 42. Bd1 Ra5 43. a4 Rc5 44. Ke3 Kf6 45. Bc2 Rc8 46. Bd1 1/2-1/2

[Event "DVM U20 2013"]
[Site "Osnabrück GER"]
[Date "2013.12.27"]
[Round "2"]
[White "Wenninger, Patrick"]
[Black "Beinke, Lukas"]
[Result "0-1"]
[Termination "normal"]
[Board "7.2"]
[WhiteElo "1698"]
[BlackElo "1910"]
[WhiteTeam "Heilbronner SV"]
[BlackTeam "Hagener SV"]
[WhiteFideId "12927880"]
[BlackFideId "12902535"]
[EventCountry "GER"]
[EventRounds "7"]
[EventType "team-swiss"]
[EventDate "2013.12.26"]

1. d4 Nf6 2. c4 c5 3. d5 e6 4. Nc3 exd5 5. cxd5 d6 6. Nf3 g6 7. g3 Bg7 8. Bg2
O-O 9. O-O a6 10. a4 Re8 11. Re1 Nbd7 12. e4 Qc7 13. Qc2 c4 14. Re2 Ng4 15. Bd2
Nc5 16. Ne1 Nb3 17. Ra3 Nd4 18. Qd1 Nxe2+ 19. Qxe2 Bd4 20. Nd1 Qc5 21. Bc3 Bd7
22. h3 Nf6 23. Kh2 Nxd5 24. Bxd4 Qxd4 25. Nc2 Qc5 26. Qd2 Nf6 27. f3 b5 28.
Nde3 Bc6 29. Nb4 Bb7 30. Qc3 Qe5 31. Qd2 a5 32. Nbd5 Bxd5 33. Nxd5 Nxd5 34.
exd5 b4 0-1

[Event "DVM U20 2013"]
[Site "Osnabrück GER"]
[Date "2013.12.27"]
[Round "2"]
[White "Rieping, Heiner"]
[Black "Biefel, Christian"]
[Result "1/2-1/2"]
[Termination "normal"]
[Board "7.3"]
[WhiteElo "1900"]
[BlackElo "1764"]
[WhiteTeam "Hagener SV"]
[BlackTeam "Heilbronner SV"]
[WhiteFideId "24647012"]
[BlackFideId "24692646"]
[EventCountry "GER"]
[EventRounds "7"]
[EventType "team-swiss"]
[EventDate "2013.12.26"]

1. e4 c6 2. d4 d5 3. e5 Bf5 4. Ne2 e6 5. Ng3 Bg6 6. h4 h6 7. h5 Bh7 8. Bd3 Bxd3
9. Qxd3 Nd7 10. O-O Ne7 11. f4 c5 12. c3 Qb6 13. Kh1 Nc6 14. f5 O-O-O 15. Ne2
cxd4 16. cxd4 Kb8 17. Nbc3 Nb4 18. Qb5 Nc2 19. Qxb6 Nxb6 20. Rb1 Nc4 21. fxe6
fxe6 22. b3 N4a3 23. Bxa3 Nxa3 24. Rbc1 Rc8 25. Nf4 Bb4 26. Nce2 Rhe8 27. Kg1
Bd2 28. Rxc8+ Kxc8 29. Kf2 Nc2 30. Rd1 Be3+ 31. Kf3 Rf8 32. g4 Kd7 33. Kg3 Nb4
34. Nd3 Nxd3 35. Rxd3 Bf2+ 36. Kg2 Be1 37. Rf3 Rxf3 38. Kxf3 Bd2 39. Nf4 Bxf4
40. Kxf4 Kc6 41. Ke3 Kb5 42. a3 1/2-1/2

[Event "DVM U20 2013"]
[Site "Osnabrück GER"]
[Date "2013.12.27"]
[Round "2"]
[White "Mikeler, Marcel"]
[Black "Pappert, Florian"]
[Result "1/2-1/2"]
[Termination "normal"]
[Board "7.4"]
[WhiteElo "1729"]
[BlackElo "1754"]
[WhiteTeam "Heilbronner SV"]
[BlackTeam "Hagener SV"]
[WhiteFideId "12927856"]
[EventCountry "GER"]
[EventRounds "7"]
[EventType "team-swiss"]
[EventDate "2013.12.26"]

1. d4 d5 2. c4 e6 3. Nc3 f5 4. Nf3 Nf6 5. g3 c6 6. Bg2 Be7 7. O-O O-O 8. Qc2
Ne4 9. c5 Nd7 10. b4 a6 11. a4 g5 12. e3 h5 13. Nd2 Ndf6 14. Ndxe4 Nxe4 15. f3
Nxc3 16. Qxc3 Rf7 17. Bd2 Bd7 18. Qb3 Rg7 19. Kf2 g4 20. f4 h4 21. Rh1 h3 22.
Bf1 Kh7 23. Bd3 Rg8 24. b5 axb5 25. axb5 cxb5 26. Bxb5 Bxb5 27. Qxb5 Qc7 28.
Rhb1 Rxa1 29. Rxa1 Bf6 30. Ra7 Rg7 31. Ke2 Re7 32. Kd3 Kg6 33. Ba5 Qc6 34. Qb4
Kf7 35. Bd8 Rd7 36. Bxf6 Kxf6 37. Kc3 Qc7 38. Qa5 Ke7 39. Kb4 Kd8 (39... Ke8
40. Ra8+ Ke7 41. Rh8 Qd8 42. Rxd8 Rxd8) 40. Ra8+ Ke7 41. Rh8 Qxa5+ 42. Kxa5 Rc7
43. Kb4 Rc6 44. Kb5 Kd7 1/2-1/2

[Event "DVM U20 2013"]
[Site "Osnabrück GER"]
[Date "2013.12.27"]
[Round "2"]
[White "Balazs, Kata"]
[Black "Ignatov, Dmitriy"]
[Result "0-1"]
[Termination "normal"]
[Board "7.5"]
[WhiteElo "1555"]
[BlackElo "1706"]
[WhiteTeam "Hagener SV"]
[BlackTeam "Heilbronner SV"]
[WhiteFideId "12922773"]
[BlackFideId "12927872"]
[EventCountry "GER"]
[EventRounds "7"]
[EventType "team-swiss"]
[EventDate "2013.12.26"]

1. d4 Nf6 2. Bf4 g6 3. Nc3 d6 4. f3 Bg7 5. Qd2 Nbd7 6. e3 c5 7. Nge2 a6 8. g4
b5 9. h4 Bb7 10. e4 h5 11. Bh3 b4 12. Nd1 hxg4 13. Bxg4 Nxg4 14. fxg4 Bxe4 15.
Rh2 cxd4 16. Nf2 d5 17. Qxb4 Qb6 18. Qxb6 Nxb6 19. Nd3 Rc8 20. Ng3 Nc4 21. Rc1
e5 22. Bd2 f6 23. h5 Nxd2 24. Rxd2 Bh6 25. hxg6 Bxd2+ 26. Kxd2 Bxg6 27. Nb4
Rh2+ 28. Kd1 Rg2 29. Nf5 Bxf5 30. gxf5 Kf7 31. Nxa6 Rh8 32. Ke1 Rh1# 0-1

[Event "DVM U20 2013"]
[Site "Osnabrück GER"]
[Date "2013.12.27"]
[Round "2"]
[White "Thren, Christian"]
[Black "Vogel, Jannis"]
[Result "1-0"]
[Termination "normal"]
[Board "7.6"]
[WhiteElo "1543"]
[BlackElo "1513"]
[WhiteTeam "Heilbronner SV"]
[BlackTeam "Hagener SV"]
[WhiteFideId "12964344"]
[BlackFideId "4635744"]
[EventCountry "GER"]
[EventRounds "7"]
[EventType "team-swiss"]
[EventDate "2013.12.26"]

1. d4 Nf6 2. c4 g6 3. Nc3 Bg7 4. Nf3 d6 5. e4 O-O 6. Bd3 Bg4 7. Be3 Nc6 8. a3
e5 9. d5 Ne7 10. h3 Bxf3 11. Qxf3 Ne8 12. g4 Qd7 13. Qg2 f5 14. f3 f4 15. Bf2
g5 16. h4 h6 17. h5 Nf6 18. O-O Rfb8 19. b4 Bf8 20. Kh2 Nc8 21. Qg1 b6 22. Rfb1
Kh8 23. Rb3 a6 24. Rab1 Be7 25. Be2 Bd8 26. Qf1 Be7 27. Qg1 Qd8 28. c5 b5 29.
c6 Qe8 30. Ra1 Bd8 31. a4 bxa4 32. Rxa4 Nb6 33. Rxa6 Rxa6 34. Bxa6 Ra8 35. Bb7
Ra7 36. Bxb6 cxb6 37. Kh1 Bc7 38. Qf1 Kh7 39. Nb5 Ra2 40. Nxc7 Qf7 41. Qb1 Re2
42. Rb2 Rxb2 43. Qxb2 Qxc7 44. Qa3 Qb8 45. Qa6 Qc7 46. Bc8 Kh8 47. Bf5 Ne8 48.
Qb7 Kg8 49. Bg6 1-0

[Event "DVM U20 2013"]
[Site "Osnabrück GER"]
[Date "2013.12.27"]
[Round "2"]
[White "Pluska, Alexander"]
[Black "Ospina Ocampo, Camilo"]
[Result "1/2-1/2"]
[Termination "normal"]
[Board "8.3"]
[WhiteElo "1873"]
[BlackElo "1855"]
[WhiteTeam "SK Doppelbauer Kiel"]
[BlackTeam "Karlsruher SF 1853"]
[WhiteFideId "12975141"]
[BlackFideId "12907030"]
[EventCountry "GER"]
[EventRounds "7"]
[EventType "team-swiss"]
[EventDate "2013.12.26"]

1. d4 Nf6 2. c4 e6 3. Nc3 d5 4. Nf3 Be7 5. g3 O-O 6. Bg2 Nbd7 7. O-O dxc4 8. e4
c5 9. d5 exd5 10. exd5 Nb6 11. Ne5 Ne8 12. Qe2 Nd6 13. a4 a5 14. Ne4 Re8 15.
Rd1 Bf8 16. f4 f6 17. Nxd6 Bxd6 18. Qh5 fxe5 19. Be4 h6 20. Qg6 Bh3 21. Qh7+
Kf8 22. Bg6 Qf6 23. Bxe8 Bf5 24. fxe5 Bxe5 25. Qh8+ Ke7 26. d6+ Bxd6 27. Re1+
Be5 28. Bf4 Rxe8 29. Rxe5+ Qxe5 30. Qxe8+ Kxe8 31. Bxe5 1/2-1/2

[Event "DVM U20 2013"]
[Site "Osnabrück GER"]
[Date "2013.12.27"]
[Round "2"]
[White "Joeres, Stefan"]
[Black "Wanner, Lukas"]
[Result "1-0"]
[Termination "normal"]
[Board "8.4"]
[WhiteElo "1477"]
[BlackElo "1729"]
[WhiteTeam "Karlsruher SF 1853"]
[BlackTeam "SK Doppelbauer Kiel"]
[WhiteFideId "12983160"]
[BlackFideId "12918148"]
[EventCountry "GER"]
[EventRounds "7"]
[EventType "team-swiss"]
[EventDate "2013.12.26"]

1. e4 c5 2. Nf3 d6 3. b4 cxb4 4. d4 g6 5. a3 bxa3 6. Bxa3 Bg7 7. Bc4 Nc6 8. c3
Nf6 9. Nbd2 O-O 10. O-O d5 11. exd5 Nxd5 12. Qb3 Na5 13. Qb5 Nxc4 14. Qxc4 a6
15. Rfe1 Bf5 16. Qb3 b5 17. c4 bxc4 18. Qxc4 Bf6 19. Ne4 Re8 20. Bc5 a5 21.
Nxf6+ Nxf6 22. Ne5 Be6 23. Qb5 Nd5 24. Ra3 Nc7 25. Qb6 Ra6 26. Qb2 a4 27. Qb7
Bd5 28. Qb4 Bb3 29. Qb7 Qc8 30. Qxc8 Rxc8 31. Bxe7 Nb5 32. Raa1 Nxd4 33. Ng4
Nf5 34. Ba3 h5 35. Ne3 Nd4 36. Bb2 Nb5 37. Rec1 Rxc1+ 38. Rxc1 a3 39. Rc8+ 1-0